000 00486nab a2200145Ia 4500
003 ES-SlBCS
005 20210601134044.0
008 140529s1982 xxu||||| |||| 00| 0 por d
041 _apor
100 1 _aPacheco, Lia
_9212787
245 0 2 _aA Educação nas Periferias Metropolitanas: um Desafio às Assessorias Universitarias destas Comunidades
_c Lia Pacheco
650 0 4 _aEducación-Brasil
_9209067
773 0 _tVeritas
_gvol. 27, nº. 108, 1982, págs. 498-505
_wRev488
942 _cAR
999 _c606385
_d606385